Akta Imigresen (Akta 155) (Record no. 4931)
[ view plain ]
| 000 -LEADER | |
|---|---|
| fixed length control field | 00463nam a22001457a 4500 |
| 005 - DATE AND TIME OF LATEST TRANSACTION | |
| control field | 20220412101104.0 |
| 008 - FIXED-LENGTH DATA ELEMENTS--GENERAL INFORMATION | |
| fixed length control field | 220412b2022 my ||||| |||| 00| 0 may d |
| 040 ## - CATALOGING SOURCE | |
| Original cataloging agency | AKMAL |
| 082 ## - DEWEY DECIMAL CLASSIFICATION NUMBER | |
| Classification number | 342.595082 MAL |
| 090 ## - LOCALLY ASSIGNED LC-TYPE CALL NUMBER (OCLC); LOCAL CALL NUMBER (RLIN) | |
| Classification number (OCLC) (R) ; Classification number, CALL (RLIN) (NR) | 342.595082 |
| Local cutter number (OCLC) ; Book number/undivided call number, CALL (RLIN) | MAL |
| 245 ## - TITLE STATEMENT | |
| Title | Akta Imigresen (Akta 155) |
| Statement of responsibility, etc. | mengandungi segala pindaan hingga Ogos 2002, Dicetak dan diterbitkan pada Jun 2021 |
| 260 ## - PUBLICATION, DISTRIBUTION, ETC. | |
| Place of publication, distribution, etc. | Kuala Lumpur |
| Name of publisher, distributor, etc. | MDC Publishers Sdn Bhd |
| Date of publication, distribution, etc. | Jun 2021 |
| 300 ## - PHYSICAL DESCRIPTION | |
| Extent | 57 pg |
| Dimensions | 26cm |
| 942 ## - ADDED ENTRY ELEMENTS (KOHA) | |
| Source of classification or shelving scheme | |
| Koha item type | Book |
| Withdrawn status | Lost status | Source of classification or shelving scheme | Damaged status | Not for loan | Collection code | Home library | Current library | Shelving location | Date acquired | Inventory number | Total Checkouts | Full call number | Barcode | Date last seen | Price effective from | Koha item type |
|---|---|---|---|---|---|---|---|---|---|---|---|---|---|---|---|---|
| NON-FICTION | AKMAL Melaka | AKMAL Melaka | PINJAMAN | 12.04.2022 | 011451 | 342.595082 MAL | 201708117 | 12.04.2022 | 12.04.2022 | Book |
